<?xml version="1.0" encoding="UTF-8"?>
<record
    xmlns:xsi="http://www.w3.org/2001/XMLSchema-instance"
    xsi:schemaLocation="http://www.loc.gov/MARC21/slim http://www.loc.gov/standards/marcxml/schema/MARC21slim.xsd"
    xmlns="http://www.loc.gov/MARC21/slim">

  <leader>00647nam a22002297a 4500</leader>
  <controlfield tag="003">UA-OsUOA</controlfield>
  <controlfield tag="001"> 65823 </controlfield>
  <controlfield tag="007">ta</controlfield>
  <controlfield tag="008">20091210b un ||||| |||| 00| 0 ukr d</controlfield>
  <datafield tag="090" ind1=" " ind2=" ">
    <subfield code="a">82.09:811.161.1:008</subfield>
    <subfield code="b">&#x421;88</subfield>
  </datafield>
  <datafield tag="942" ind1=" " ind2=" ">
    <subfield code="c">BK</subfield>
  </datafield>
  <datafield tag="040" ind1=" " ind2=" ">
    <subfield code="a">UA-OsUOA</subfield>
    <subfield code="b">ukr</subfield>
    <subfield code="c">UA-OsUOA</subfield>
    <subfield code="d">UA-OsUOA</subfield>
  </datafield>
  <datafield tag="245" ind1=" " ind2=" ">
    <subfield code="a">&#x421;&#x442;&#x443;&#x434;&#x456;&#x457; &#x437; &#x443;&#x43A;&#x440;&#x430;&#x457;&#x43D;&#x456;&#x441;&#x442;&#x438;&#x43A;&#x438;</subfield>
    <subfield code="b">&#x437;&#x431;&#x456;&#x440;&#x43D;&#x438;&#x43A; &#x43D;&#x430;&#x443;&#x43A;&#x43E;&#x432;&#x438;&#x445; &#x43F;&#x440;&#x430;&#x446;&#x44C;</subfield>
    <subfield code="c">&#x412;&#x438;&#x43F;. 7</subfield>
  </datafield>
  <datafield tag="300" ind1=" " ind2=" ">
    <subfield code="a">384 &#x441;.</subfield>
  </datafield>
  <datafield tag="955" ind1=" " ind2=" ">
    <subfield code="a">1</subfield>
  </datafield>
  <datafield tag="041" ind1=" " ind2=" ">
    <subfield code="a">ukr</subfield>
  </datafield>
  <datafield tag="080" ind1=" " ind2=" ">
    <subfield code="a">82.09:811.161.1:008</subfield>
  </datafield>
  <datafield tag="020" ind1=" " ind2=" ">
    <subfield code="a">966-95452-3-8</subfield>
  </datafield>
  <datafield tag="260" ind1=" " ind2=" ">
    <subfield code="a">&#x41A;.</subfield>
    <subfield code="c">2007</subfield>
  </datafield>
  <datafield tag="650" ind1=" " ind2="7">
    <subfield code="a">82 &#x41B;&#x456;&#x442;&#x435;&#x440;&#x430;&#x442;&#x443;&#x440;&#x430;. &#x41B;&#x456;&#x442;&#x435;&#x440;&#x430;&#x442;&#x443;&#x440;&#x43E;&#x437;&#x43D;&#x430;&#x432;&#x441;&#x442;&#x432;&#x43E;</subfield>
    <subfield code="2">UDC</subfield>
  </datafield>
  <datafield tag="999" ind1=" " ind2=" ">
    <subfield code="c">352272</subfield>
    <subfield code="d">352272</subfield>
  </datafield>
  <datafield tag="952" ind1=" " ind2=" ">
    <subfield code="0">0</subfield>
    <subfield code="1">0</subfield>
    <subfield code="2">udc</subfield>
    <subfield code="4">0</subfield>
    <subfield code="7">0</subfield>
    <subfield code="8">C_ZHULYNSKYI</subfield>
    <subfield code="a">102</subfield>
    <subfield code="b">102</subfield>
    <subfield code="d">2009-12-10</subfield>
    <subfield code="e">132/2009</subfield>
    <subfield code="g">11.00</subfield>
    <subfield code="i">125174</subfield>
    <subfield code="l">0</subfield>
    <subfield code="o">82.09:811.161.1:008 &#x421;88</subfield>
    <subfield code="p">125174</subfield>
    <subfield code="r">2022-02-06 00:00:00</subfield>
    <subfield code="w">2009-12-10</subfield>
    <subfield code="y">BK</subfield>
  </datafield>
</record>
